000 01009nam a2200241 4500
005 20230130153047.0
008 230130s2006 nyua|||gr|||| 00| 0 eng d
020 _a9781557836526
040 _aCO-BoUCM
_bspa
_cDeissy Garcia
_dDeissy Garcia
041 _aeng
245 0 4 _aThe Commercial Theater Institute guide to producing plays and musicals
_cedición Frederic B. Vogel, Ben Hodges
260 _aNueva York
_bApplause Theatre & Cinema Books
_c2006
300 _a404 páginas
_bilustraciones
504 _aIncluye referencias bibliográficas e índices
650 0 _9101388
_aTeatro
_xProducción y dirección
650 0 _aMusicales
_xProducción y dirección
_9174788
650 0 _aProductores y directores teatrales
_vEntrevistas
_zEstados Unidos
_9176679
700 1 _9176678
_aVogel, Frederic B.
_eeditor
700 1 _aHodges, Ben
_eeditor
_9176680
710 2 _aCommercial Theater Institute
_9176681
942 _2DEWEY
_cLIBRO
_a17
_e1
_h792.0232
_mC734
_n0
999 _c322062
_d322062